=LDR 00000nam 2200000 4500 =001 INLIS000000000017103 =005 20130612112307 =008 ***********************************Ind** =035 ##$$0010-061300000017103 =041 ##$$a Ind =082 ##$$a 346.03 =090 ##$$a 346.03, Mar u =100 ##$$a Marpaung, Leden =245 ##$$a Unsur-unsur perbuatan yang dapat di hukum (dalil), Leden Marpaung SH =260 ##$$a 1991 $b Jakarta =300 ##$$a ix, 178 hlm, 21 cm =650 ##$$a Hukum =850 ##$$a NBPNMAT =990 ##$$a 0001/BPAP-NTB/2015 =990 ##$$a 21822182 =990 ##$$a 80.918 pro 95 =990 ##$$a 0001/BPAP-NTB/2015